000 01131nam a22002777a 4500
005 20170124102926.0
010 _a886850
020 _c20.00
035 _a886850
037 _bCen Lib/Ret
040 _aDPL
_bHN
082 _a822.08
_bगौतम
100 _aगौतम ,रमेश
_943455
245 _aसातवें दशक के प्रतीकात्मक नाटक /
_cरमेश गौतम
246 _asatven dashak ke pratikatmak natak
_bby Ramesh Gautam
260 _aदिल्ली
_bराजेश प्रकाशन
_c1978
270 _aकृष्णा नगर
_b दिल्ली
_e110051
300 _aपृष्ठ.
_c20सेमी(सजिल्द)
500 _aपरिशिष्ट शामिल
650 _aहिंदी साहित्य
_943456
650 _aहिंदी नाटक -प्रतीक-प्रतीकात्मक
_943457
650 _aHindi Literature
_943458
650 _ahindi drama Icons-symbolic
_943459
700 _943331
942 _2ddc
_cHN
_h822.08
_mगौतम
999 _c111559
_d111559